|
|
|
|
| LEADER |
00000naa2a2200000 4500 |
| 001 |
85894 |
| 005 |
20240119110941.0 |
| 035 |
|
|
|a (RuTPU)RU\TPU\book\92273
|
| 090 |
|
|
|a 85894
|
| 100 |
|
|
|a 20051118d2002 k y0rusy50 ca
|
| 101 |
0 |
|
|a rus
|
| 102 |
|
|
|a RU
|
| 200 |
1 |
|
|a Проблемы успешности обучения иностранным языкам
|f Ю. С. Каверина, Н. С. Кемерова
|
| 463 |
|
0 |
|0 (RuTPU)RU\TPU\book\60261
|t Коммуникативные аспекты языка и культуры
|o Сборник научных статей и тезисов II Межвузовской научно-практической конференции студентов, аспирантов и молодых ученых, Томск
|f Томский политехнический университет; Институт языковой коммуникации; Под ред. Н. А. Качалова
|v С. 168-171.
|d 2002
|p 407 с.
|
| 610 |
1 |
|
|a обучение
|
| 610 |
1 |
|
|a иностранные языки
|
| 610 |
1 |
|
|a языковая подготовка
|
| 610 |
1 |
|
|a труды учёных ТПУ
|
| 700 |
|
1 |
|a Каверина
|b Ю. С.
|
| 701 |
|
1 |
|a Кемерова
|b Н. С.
|c лингвист
|c старший преподаватель Томского политехнического университета
|f 1978-
|g Наталья Сергеевна
|3 (RuTPU)RU\TPU\pers\31324
|9 15496
|
| 801 |
|
1 |
|a RU
|b 63413507
|c 20051118
|g PSBO
|
| 801 |
|
2 |
|a RU
|b 63413507
|c 20210205
|g RCR
|
| 942 |
|
|
|c BK
|